Fitness s Evou Samkovou : účinnost cviků podle EMG /

Hlavní autor: Král, Jiří
Jazyk: Čeština
Vydáno: Praha : Grada Publishing, 2017
Vydání: 1. vydání
Edice: Fitness, síla, kondice
Témata:
Fyzický popis: 207 stran : ilustrace (převážně barevné) ; 24 cm
Knihy
Uloženo v:
LEADER 02133nam a2200613 i 4500
001 nkc20172878378
003 CZ PrNK
005 20170222144854.0
007 ta
008 170202s2017 xr a e f 001 0 cze
015 |a cnb002878378 
020 |a 978-80-247-5557-1  |q (brožováno) 
035 |a (OCoLC)975044965 
040 |a OLA001  |b cze  |e rda 
072 7 |a 796  |x Sport. Hry. Tělesná cvičení  |2 Konspekt  |9 20 
080 |a 796.015.132  |2 MRF 
080 |a 796.015.52  |2 MRF 
080 |a 611.068  |2 MRF 
080 |a 616.74-073.7  |2 MRF 
080 |a (035)  |2 MRF 
080 |a (084.11)  |2 MRF 
100 1 |a Král, Jiří  |7 kv2017942011  |4 aut 
245 1 0 |a Fitness s Evou Samkovou :  |b účinnost cviků podle EMG /  |c Jiří Král 
246 3 0 |a Účinnost cviků podle EMG 
250 |a 1. vydání 
264 1 |a Praha :  |b Grada Publishing,  |c 2017 
300 |a 207 stran :  |b ilustrace (převážně barevné) ;  |c 24 cm 
336 |a text  |b txt  |2 rdacontent 
337 |a bez média  |b n  |2 rdamedia 
338 |a svazek  |b nc  |2 rdacarrier 
490 1 |a Fitness, síla, kondice 
504 |a Obsahuje bibliografii a rejstřík 
650 0 7 |a fitness  |7 ph120257  |2 czenas 
650 0 7 |a posilování  |7 ph124393  |2 czenas 
650 0 7 |a silový trénink  |7 ph863477  |2 czenas 
650 0 7 |a funkční anatomie  |7 ph114597  |2 czenas 
650 0 7 |a elektromyografie  |7 ph119885  |2 czenas 
650 0 9 |a fitness  |2 eczenas 
650 0 9 |a muscle strengthening  |2 eczenas 
650 0 9 |a power training  |2 eczenas 
650 0 9 |a functional anatomy  |2 eczenas 
650 0 9 |a electromyography  |2 eczenas 
655 7 |a příručky  |7 fd133209  |2 czenas 
655 7 |a obrazové publikace  |7 fd132947  |2 czenas 
655 9 |a handbooks and manuals  |2 eczenas 
655 9 |a pictorial works  |2 eczenas 
830 0 |a Fitness, síla, kondice  |0 s 
910 2 |a BOA001  |b 2-1378.999 
928 9 |a Grada 
990 |a BK 
995 |a 01 
991 |b 201702  |c NOV 
996 6 |b 2610696529  |c 2-1378.999  |l MZK  |r Sklad / do 1 hodiny  |n 0  |p p.v.  |w 001598347  |u 000010  |a 1  |e BOA001  |j MZK50  |s P 
996 7 |b 2610697375  |c 2-1378.999  |l MZK  |r Sklad / do 1 hodiny  |n 9  |p kup  |w 001598347  |u 000020  |a 1  |e BOA001  |j MZK50  |s A